Szczegóły MARC21

Bezpieczeństwo samochodów i ruchu drogowego /

003 -Nazwa inst., której nr kontr. jest w polu 001 [,]
    • @
    • Nazwa instytucji, której n kontrolny jest w polu 001
    • NUKAT
005 -DATA I CZAS OSTATNIEJ MODYFIKACJI [,]
    • @
    • pole kontrolne
    • 20241231095257.0
020 -Międzynarod. znormalizowany nr książki - ISBN [ , ]
    • a
    • Numer ISBN
    • 8320614619 Find
040 -Instytucja sporządzająca opis [ , ]
    • a
    • Instytucja, która sporządziła opis (NP)
    • WA M/GM
    • b
    • Język katalogowania
    • pol
    • e
    • Zasady katalogowania
    • rda
    • c
    • Instytucja, która sporządziła rekord (NP)
    • WA M/GM
    • d
    • Instytucja, która zmodyfikowała rekord (P)
    • WA M/ES
    • d
    • Instytucja, która zmodyfikowała rekord (P)
    • LUBL 64/WSs
    • d
    • Instytucja, która zmodyfikowała rekord (P)
    • KR 93/MSs
    • d
    • Instytucja, która zmodyfikowała rekord (P)
    • LUBL 64/WSs
    • d
    • Instytucja, która zmodyfikowała rekord (P)
    • GL 001/FAN
    • d
    • Instytucja, która zmodyfikowała rekord (P)
    • WA 72/OMK
942 -Rodzaj dokumentu [ , ]
    • c
    • Rodzaj dokumentu
    • Książka
100 -Hasło główne - nazwa osobowa [1, ]
    • a
    • Nazwa osobowa (NP)
    • Wicher, Jerzy
    • d
    • Daty biograficzne (NP)
    • (1936-2023).
    • e
    • Rodzaj współpracy
    • Autor
    • 9
    • KHW
    • 77246
245 -Strefa tytułu i oznaczenia odpowiedzialności [1,0]
    • a
    • Tytuł
    • Bezpieczeństwo samochodów i ruchu drogowego / Find
    • c
    • Pozostałe elementy strefy tytułu i oznaczenia odpowiedzialności (NP)
    • Jerzy Wicher.
250 -Strefa wydania [ , ]
    • a
    • Oznaczenie wydania (NP)
    • Wydanie 1.
260 -Strefa adresu wydawniczego [ , ]
    • a
    • Miejsce wydania (P)
    • Warszawa :
    • b
    • Nazwa wydawcy (P)
    • Wydawnictwa Komunikacji i Łączności,
    • c
    • Data wydania (P)
    • 2002.
300 -Strefa opisu fizycznego [ , ]
    • a
    • Określenie formy książki i/lub objętość (NP)
    • 276 stron :
    • b
    • Oznaczenie ilustracji (NP)
    • ilustracje ;
    • c
    • Format (NP)
    • 25 cm.
336 -Typ zawartości [ , ]
    • a
    • Termin opisujący typ zawartości
    • Tekst
    • b
    • Kod określający zawartość
    • txt
    • 2
    • Źródło (terminu i kodu)
    • rdacontent
337 -Typ mediów [ , ]
    • a
    • Tryb odtwarzania
    • Bez urządzenia pośredniczącego
    • b
    • Kod typu mediów
    • n
    • 2
    • Źródło (terminu i kodu)
    • rdamedia
338 -Typ/rodzaj nośnika [ , ]
    • a
    • Hasło opisujące typ nośnika
    • Wolumin
    • b
    • Kod typu nośnika
    • nc
    • 2
    • Źródło (terminu i kodu)
    • rdacarrier
490 -Strefa serii i książki wielotomowej - forma nie do wyszukiwania [1, ]
    • a
    • Tytuł (P)
    • Pojazdy Samochodowe Find
830 -Hasło dodatkowe serii i opisu książki wielotomowej - tytuł ujednolicony/tytuł [ ,0]
    • a
    • Tytuł ujednolicony/tytuł (NP)
    • Pojazdy Samochodowe
    • 9
    • KHW
    • 20434
504 -Uwaga dot. bibliogr. załącznikowej [ , ]
    • a
    • Uwaga dot. bibliografii załącznikowej
    • Literatura na stronach 270-276.
080 -Uniwersalna Klasyfikacja Dziesiętna [ , ]
    • 2
    • Identyfikator wydania tablic
    • UDC-P058
    • 9
    • UKD
    • 5549
    • a
    • Symbol klasyfikacji
    • 656.1-049.5
    • b
    • Dopowiedzenie
    • Bezpieczeństwo ruchu drogowego (sprawność i efektywność).
    • 4
    • UKD2
    • 7665
    • x
    • Poddział wspólny
    • (075.8)
    • c
    • Dopowiedzenie poddz. wspólnego
    • (Podręczniki dla szkół wyższych. Skrypty).
080 -Uniwersalna Klasyfikacja Dziesiętna [ , ]
    • 2
    • Identyfikator wydania tablic
    • UDC-P058
    • 9
    • UKD
    • 5552
    • a
    • Symbol klasyfikacji
    • 656.13
    • b
    • Dopowiedzenie
    • Transport samochodowy. Szoferstwo.
    • 4
    • UKD2
    • 7665
    • x
    • Poddział wspólny
    • (075.8)
    • c
    • Dopowiedzenie poddz. wspólnego
    • (Podręczniki dla szkół wyższych. Skrypty).
650 -Hasło przedmiotowe [ ,7]
    • a
    • Hasło przedmiotowe
    • Bezpieczeństwo drogowe
    • v
    • Określnik formalny
    • podręczniki akademickie.
    • 2
    • Źródło terminu
    • kaba
    • 9
    • KHW
    • 383668
650 -Hasło przedmiotowe [ ,7]
    • a
    • Hasło przedmiotowe
    • Wypadki drogowe
    • v
    • Określnik formalny
    • podręczniki akademickie.
    • 2
    • Źródło terminu
    • kaba
    • 9
    • KHW
    • 383670
650 -Hasło przedmiotowe [ ,7]
    • a
    • Hasło przedmiotowe
    • Prowadzenie samochodu
    • x
    • Określnik rzeczowy
    • sterowanie elektroniczne
    • v
    • Określnik formalny
    • podręczniki akademickie.
    • 2
    • Źródło terminu
    • kaba
    • 9
    • KHW
    • 383669
980 -Symbol UKD [ , ]
    • a
    • UKD
    • 656.1-049.5:656.13](075.8)
710 -Hasło dodatkowe - nazwa ciała zbiorowego [2, ]
    • a
    • Nazwa ciała zbiorowego lub nazwa geograficzna jako pierwszy element (NP)
    • Wydawnictwa Komunikacji i Łączności.
    • e
    • Rodzaj współpracy
    • Wydawca
    • 4
    • Kod relacji
    • pbl
    • 9
    • KHW
    • 53408
920 -ISBN [ , ]
    • a
    • ISBN
    • 83-206-1461-9 Find
Lokalizacja Data inwentaryzacji Status udost. Numer inwentarzowy Sygnatura
T2014-09-29-2T.18407T.18407